The Quaker. A novel, in a series of letters, by a lady. In three volumes.

Bibliographic Details
Main Author: Lady
Format: eBook
Language:English
Series:Eighteenth century collections online.
Online Access:Full text online

MARC

Tag First Indicator Second Indicator Subfields
LEADER 00000cam a2200000 4500
001 in00001935321
006 m | d |
007 cr |n||||||||n
008 791208s1785 enk|||| s 00||||eng d
005 20260403183520.6
035 |a (CStRLIN)ESTCT75764 
040 |a Uk-ES  |c Uk-ES  |d CStRLIN  |d Thomson Gale  |d UtOrBLW 
100 0 |a Lady. 
245 1 4 |a The Quaker. A novel, in a series of letters, by a lady. In three volumes. 
264 3 |a London :  |b printed for William Lane,  |c 1785. 
300 |a 3 volumes ;  |c 12⁰. 
336 |a text  |b txt  |2 rdacontent 
337 |a computer  |b c  |2 rdamedia 
338 |a online resource  |b cr  |2 rdacarrier 
500 |a Reproduction of original from the British Library. 
510 4 |a English Short Title Catalog,  |c ESTCT75764. 
533 |a Electronic reproduction.  |b Farmington Hills, Mich. :  |c Thomson Gale,  |d 2003.  |n Available via the World Wide Web.  |n Access limited by licensing agreements  |7 s2003 miunns 
500 |a Electronic resource. 
830 0 |a Eighteenth century collections online. 
856 4 0 |u http://proxy.library.tamu.edu/login?url=https://galenet.galegroup.com/servlet/ECCO?c=1&stp=Author&ste=11&af=BN&ae=T075764&tiPG=1&dd=0&dc=flc&docNum=CW111250664&vrsn=1.0&srchtp=a&d4=0.33&n=10&SU=0LRK&locID=txshracd2898  |z Full text online  |t 0 
999 |a MARS 
999 f f |s b56a41e6-f6b7-30f8-9a59-b4eb80013454  |i f12f311f-9d03-3278-b794-2809cb8ddb3f  |t 0 
952 f f |a Texas A&M University  |b College Station  |c Electronic Resources  |s www_evans  |d Available Online  |t 0  |h No information provided 
998 f f |t 0  |l Available Online